[Event "EU-ch 6th"]
[Site "Warsaw"]
[Date "2005.06.23"]
[Round "6"]
[White "Sokolov, Ivan"]
[Black "Markowski, Tomasz"]
[Result "1-0"]
[WhiteElo "2662"]
[BlackElo "2560"]
[Annotator "Huzman,A"]
[PlyCount "81"]
[EventDate "2005.06.18"]
[EventType "swiss"]
[EventRounds "13"]
[EventCountry "POL"]
[SourceTitle "CBM 108"]
[Source "ChessBase"]
[SourceDate "2005.09.26"]
[SourceVersion "1"]
[SourceVersionDate "2005.09.26"]
[SourceQuality "1"]

1. d4 d5 2. Nf3 Nf6 3. c4 dxc4 4. e3 e6 5. Bxc4 a6 6. O-O Nbd7 7. a4 b6 8. Nc3
(8. b3 Bb7 9. Ba3 Bxa3 10. Nxa3 Qe7 11. Qe2 O-O 12. Nd2 c5 $15 {0-1 Brekke,
J-Mannion,S/Port Erin 2003/CBM 96 ext (34)}) 8... Bb7 9. Re1 (9. b3 Be7 10. Bb2
O-O 11. d5 e5 12. e4 Ne8 13. Be2 Nd6 14. Nd2 Bg5 15. Nc4 Re8 16. Qc2 $11 {
0-1 Oms Pallise,J-Markowski,T/ESP t-ch Ciudad Real 2004 (52)}) (9. Bd2 Bd6 10.
Qe2 c5 11. dxc5 Nxc5 12. Rfd1 O-O 13. Rac1 Qe7 $11 {0-1 Anderson Smith,W-Wohl,
A/Perth 1994/EXT 98 (30)}) (9. Qe2 c5 (9... Bd6 10. e4 e5 11. Bg5 c6 12. dxe5
Nxe5 13. Nxe5 Bxe5 14. f4 Bxc3 15. bxc3 b5 16. e5 Qb6+ 17. Kh1 Nd5 18. Bxd5
cxd5 19. f5 $16 {1-0 Rogers,I-Wohl,A/Sydney 1996/EXT 2003 (28)}) 10. Rd1 Qc7 (
10... Bd6 11. b3 O-O 12. Bb2 cxd4 13. exd4 Nd5 14. Ne4 Be7 15. Rac1 N7f6 $11 {
0-1 Blees,A-Van den Doel,E/Tilburg 2003/CBM 95 ext (43)}) 11. d5 (11. e4 $6
cxd4 12. Nxd4 Ne5 13. Bb3 Neg4 14. g3 Bc5 15. h3 Nxf2 $1 16. Qxf2 e5 17. Be3
exd4 18. Bxd4 O-O 19. Bxc5 (19. a5 Bxd4 20. Rxd4 bxa5 21. Bd5 Rab8 $17) 19...
bxc5 $15 {0-1 Erdogan,H-Markowski,T/Istanbul 2003/CBM 096/[Huzman] (41)}) 11...
exd5 12. Nxd5 Nxd5 13. Bxd5 Bxd5 14. Rxd5 Be7 15. b3 Qb7 16. Rd3 O-O 17. Bb2
Rfd8 18. Rad1 Nf8 19. Be5 Rxd3 20. Rxd3 b5 21. h3 Qe4 22. Qd1 Rc8 {1/2-1/2
Buhmann,R-Markowski,T/Germany 2003/CBM 093/[Konikowski] (22)}) 9... Bb4 (9...
c5 10. d5 exd5 11. Nxd5 Bxd5 12. Bxd5 Nxd5 13. Qxd5 Be7 14. e4 O-O 15. e5 Re8
16. e6 fxe6 17. Qxe6+ (17. Rxe6 Nf6 18. Qb3 Qd5 $11 {1/2-1/2 Kurajica,
B-Mannion,S/Plovdiv 2003/(34)}) 17... Kh8 18. Bf4 Bf6 19. Qb3 h6 20. Rxe8+ Qxe8
21. Re1 Qg8 22. Qd3 Qf7 $11 {1/2-1/2 Janssen,R-Van den Doel,E/Leeuwarden 2003/
(62)}) 10. Qb3 c5 11. e4 O-O ({The assessment of White's idea  depends on the
seriousness of his initiative in the line} 11... cxd4 $5 12. Qxb4 (12. Nxd4
Bxc3 13. bxc3 Nc5 14. Qb4 Nfxe4 15. a5 b5 16. Nxb5 O-O 17. Be3 axb5 18. Bxb5
Rc8 $11) 12... dxc3 13. Qxc3 (13. bxc3 Nxe4 14. Ba3 Nec5 $17) 13... Bxe4 14.
Bg5 h6 15. Bh4 O-O 16. Ne5 $44) 12. e5 Bxc3 (12... Nd5 13. Rd1 Nxc3 14. bxc3
Bxf3 15. gxf3 Ba5 16. Be3 $16 {[%csl Ra5]}) 13. bxc3 Nd5 14. Ng5 $1 $16 {
[%cal Gg5e4,Ge4d6]} h6 15. Ne4 Bc6 16. Bf1 Qh4 17. g3 Qg4 (17... Qh5 18. Bg2
$16) 18. Bg2 b5 (18... Qg6 $142 19. Ba3 Rab8 20. Nd6 Ne7 21. Bf1 Qh5 $16) 19.
Ba3 b4 20. cxb4 cxb4 21. Rac1 $1 (21. Bb2 a5 $14) 21... Bxa4 (21... Rfc8 22.
Bb2 Rc7 (22... a5 23. Nd6 Rc7 24. Rxc6 Rxc6 25. Bxd5 exd5 26. Qxd5 $18) 23. a5
$1 $16 {[%csl Rd7]}) 22. Qxa4 N7b6 23. Qa5 bxa3 24. h3 Qg6 25. Rc6 (25. Qxa3 a5
26. Rc5 a4 27. Nd6 $16) 25... a2 26. Ra1 {[%csl Ra2,Ra6][%mdl 32]} Rac8 (26...
Nc8 27. Rxa2 (27. Nc3 Nxc3 28. Rxc3 Ra7 29. Qxa2 Ne7 30. Qa5 $16) 27... Nce7
28. Rc4 Rab8 29. Ra1 $16) 27. Rxc8 Rxc8 28. Qxa2 Rc4 (28... Nb4 29. Qa5 N6d5
30. Nd6 Rb8 31. Be4 Qh5 32. Rb1 Qe2 33. Bxd5 exd5 34. Qc5 $16) 29. Qd2 Rb4 30.
Kh2 $6 {From this moment the FIDE time control becomes the main factor which
explains the numerous mistakes of the players.} (30. Rxa6 Nc4 31. Qe2 $16)
30... Nc4 31. Qe2 (31. Qc1 $5 a5 32. Nd6 Qd3 33. Rxa5 $1 Ndb6 $1 (33... Qxd4
34. Ra8+ Kh7 35. Qc2+ g6 36. Nxf7 Rb2 37. Qa4 Qxf2 38. Ng5+ $18) 34. Qe1 Rb2
35. Nxc4 Qxc4 36. Qe3 Re2 (36... Rb4 37. d5 $1 Nxd5 38. Bxd5 exd5 39. e6 $16)
37. Bf1 Rxe3 38. Bxc4 Re4 $11) 31... a5 32. Nd6 (32. Nc5 $1 Ndb6 (32... Ncb6
33. Rxa5 Rxd4 34. Qb5 $1 $16 {[%cal Gb5e8]}) 33. Nd3 Rb3 34. Be4 f5 (34... Qg5
35. Qc2 Rb5 36. Bc6 $18) 35. Bc6 (35. exf6 $5 Qxf6 36. Nf4 Rb2 37. Bc2 $36)
35... Rc3 36. Nc5 $16) 32... Nxd6 33. exd6 Rxd4 34. Rd1 (34. Qb2 Qd3 35. Rxa5
Nf6 36. Qb8+ Kh7 37. Ra7 Rxd6 38. Rxf7 Rd7 $14) (34. Rxa5 Nf6 35. Qb2 e5 $5 36.
Qb8+ Kh7 37. Rxe5 (37. Ra6 Qc2 $1 $17) 37... Rxd6 $11) 34... Rxd1 $2 (34... Qf6
$1 35. Bxd5 (35. d7 Nb6 36. Rxd4 Qxd4 37. Qe3 Qd6 38. Qe5 Qxd7 39. Qb8+ Nc8 40.
Bb7 a4 41. Bxc8 Qd8 $17) 35... Rxd1 36. Qxd1 exd5 37. Qxd5 $11) 35. Qxd1 Qf6 (
35... Qg5 36. Bxd5 exd5 37. d7 Kh7 38. Kg2 $18) 36. Qe1 $2 (36. d7 $1 Qd8 37.
Bxd5 Qxd7 (37... exd5 38. Qxd5 a4 39. Qc6 Kh7 40. Qc8 Qf6 41. Kg2 $16) 38. Bb3
$18) 36... Nb4 $2 (36... Nb6 $1 37. Qxa5 (37. Qe3 Qd8 38. Qc5 a4 39. Qb4 a3 40.
Qxa3 Nc4 $17) 37... Qd4 38. Qa3 g5 $15 {[%csl Rd6]}) (36... Qd4 37. Qxa5 Nb6
$15) 37. Qc1 $1 $18 Nd5 38. Qc5 Kh7 (38... Qd8 39. Bxd5 exd5 40. Qc7 Qf6 41.
Kg2 Qf5 42. Qe7 $18) 39. d7 Qd8 40. Qc2+ f5 41. Qc8 1-0

[Event "Vidmar Memorial 16th"]
[Site "Portoroz"]
[Date "2005.07.14"]
[Round "6"]
[White "Beliavsky, Alexander G"]
[Black "Borisek, Jure"]
[Result "1-0"]
[WhiteElo "2599"]
[BlackElo "2509"]
[Annotator "Huzman,A"]
[PlyCount "41"]
[EventDate "2005.07.09"]
[EventType "tourn"]
[EventRounds "9"]
[EventCountry "SLO"]
[EventCategory "12"]
[SourceTitle "CBM 108"]
[Source "ChessBase"]
[SourceDate "2005.09.26"]
[SourceVersion "1"]
[SourceVersionDate "2005.09.26"]
[SourceQuality "1"]

1. d4 d5 2. c4 dxc4 3. Nf3 Nf6 4. Nc3 c5 5. d5 e6 6. e4 exd5 7. e5 Ne4 8. Nxd5
b5 (8... Qa5+ 9. Nd2 (9. Bd2 Nxd2 10. Qxd2 Qxd2+ 11. Nxd2 (11. Kxd2 Na6 12.
Bxc4 Be6 13. Kc3 (13. Rhd1 O-O-O 14. Ke1 Nc7 15. Ne3 Be7 16. Bxe6+ fxe6 $11 {
1-0 Pedro,F-Mazziotti Irigoyen,G/Buenos Aires Torre Blanca 2003/PG (56)}) 13...
O-O-O 14. Rad1 h6 15. Rd2 Nc7 16. Rhd1 Nxd5+ 17. Bxd5 Rxd5 18. Rxd5 Bxd5 19.
Rxd5 Be7 $11 {1/2-1/2 Plachetka,J-Smejkal,J/Mezibori 1963/Inf 004 (25)}) 11...
Na6 12. Nxc4 Be6 13. Nf4 O-O-O 14. Nxe6 fxe6 15. Be2 Be7 $11 {1/2-1/2 Mourot,
F-Bouton,C/France 2003/EXT 2004 (40)}) 9... Nc6 10. Bxc4 Be6 11. O-O Nxd2 12.
Bxd2 Qd8 13. Bc3 (13. Qb3 Rb8 14. Rad1 Nd4 15. Qa4+ Qd7 16. Nc7+ Kd8 17. Nxe6+
fxe6 18. Qxa7 $18 {1-0 Svenn,G-Brynell,S/V[#]xj SM 1987 (22)}) 13... Qd7 14.
Qa4 O-O-O 15. Rfd1 Kb8 16. Nf4 $16 {1-0 Cylwik,Z-Gabrys,Z/Poznan 1962/EXT 2001
(24)}) (8... Be6 9. Bxc4 Nc6 10. Qd3 Qa5+ 11. b4 Nxb4 12. Qxe4 Bxd5 13. Bxd5
Nxd5+ 14. Bd2 Nb4 15. e6 $40 {1-0 Malakhatko,V-Kamber,B/Zuerich 2002/CBM 91
ext (33)}) 9. b3 Qa5+ 10. Nd2 $1 $146 {[%mdl 12] This is very strong novelty
by Beliavsky. White destroys Black's pawn chain on the queen's side without
exchanging the queens.} (10. Bd2 Nxd2 11. Qxd2 Qxd2+ 12. Nxd2 Na6 13. bxc4 Be6
14. O-O-O {1/2-1/2 Pein,M-Garcia Palermo,C/Brussels 1986/CBM 01 (14)}) 10...
Be6 (10... Nc3 11. Nxc4 $1 bxc4 12. Bd2 Nxd1 13. Bxa5 Nc6 14. Nc7+ Ke7 15. Nxa8
Nxa5 16. Rxd1 $16) (10... Bf5 $5 11. Qf3 $1 (11. bxc4 Nc6 12. f3 Nxd2 (12...
Nc3 13. Nb3 $1 Nxd1+ 14. Nxa5 Nxa5 15. Nc7+ Kd7 16. Nxa8 Nxc4 17. a4 $1 Nde3
18. axb5 $1 Nc2+ 19. Kf2 Nxa1 20. Bxc4 $16) 13. Bxd2 Qd8 14. Bc3 Nb4 $1 $132)
11... Bg6 12. b4 $1 Nxd2 13. Bxd2 Qd8 14. Nc3 cxb4 $1 (14... Nd7 15. Nxb5 Rb8
16. Bxc4 $16) 15. Nxb5 $1 (15. Qxa8 bxc3 16. Bxc3 Qb6 $44) 15... a6 16. Bxc4 $1
$18) (10... Bb7 11. bxc4 Nc6 12. Bd3 (12. Qg4 $5 Nxd2 13. Bxd2 Qd8 14. Bc3 Nb4
15. Bxb4 cxb4 16. Rd1 $36) 12... Nc3 13. Nb3 Nxd1+ 14. Nxa5 Nxa5 15. Nc7+ Ke7
16. Nxa8 Bxg2 17. Rg1 Bxa8 18. cxb5 $1 Nc3 19. Bd2 $16) (10... cxb3 11. Bxb5+
Bd7 12. Bd3 $16) 11. bxc4 Nd7 (11... Bxd5 12. cxd5 c4 13. Qg4 $1 $16) 12. Qf3
$1 Bxd5 13. cxd5 Qc3 (13... Ng5 14. Qe3 $18) 14. e6 $1 {[%mdl 128]} Ndf6 (14...
fxe6 15. dxe6 Ndf6 16. Bxb5+ Ke7 17. Qxc3 Nxc3 18. Bc4 $16) 15. Bxb5+ Ke7 16.
O-O (16. Qf4 $5 Nd6 17. Rb1 $18) 16... Qxf3 17. Nxf3 $18 {Even after
exchanging the queens White's attack is very strong due to his big development
advantage.} fxe6 (17... Nxd5 18. exf7 $18) 18. dxe6 Nd6 19. Ba4 $1 Kxe6 20.
Re1+ Kf5 21. Bc2+ (21. Bc2+ Nfe4 22. Ng5 $18) 1-0

[Event "Corus-B"]
[Site "Wijk aan Zee"]
[Date "2005.01.21"]
[Round "6"]
[White "Mamedyarov, Shakhriyar"]
[Black "Ernst, Sipke"]
[Result "1-0"]
[WhiteElo "2657"]
[BlackElo "2509"]
[Annotator "Huzman,A"]
[PlyCount "61"]
[EventDate "2005.01.15"]
[EventType "tourn"]
[EventRounds "13"]
[EventCountry "NED"]
[EventCategory "13"]
[SourceTitle "CBM 105"]
[Source "ChessBase"]
[SourceDate "2005.04.11"]
[SourceVersion "1"]
[SourceVersionDate "2005.04.11"]
[SourceQuality "1"]

1. d4 d5 2. c4 dxc4 3. Nf3 Nf6 4. Nc3 c5 5. d5 e6 6. e4 a6 $6 7. Bg5 b5 $2 (
7... Qa5 8. Bxf6 gxf6 9. Bxc4 b5 10. Be2 Qc7 11. O-O h5 12. Re1 Bd6 13. dxe6
Bxe6 14. Bxb5+ $18 {1-0 Jaffe,C-Hodges,A/New York 1911/HCL (33)}) (7... Be7 8.
d6 Bf8 9. e5 $16 {1-0 Doncea,V-Sandu,C/Bucharest 2002/CBM 87 ext (41)}) (7...
exd5 8. e5 h6 9. Bh4 g5 10. Bg3 (10. Nxg5 $5 hxg5 11. Bxg5 $16) 10... d4 11.
exf6 dxc3 12. Qxd8+ Kxd8 13. O-O-O+ Ke8 14. Bxc4 $40 {1-0 Martic,Z-Mrdjen,D/
Rabac CRO 2004 (26)}) 8. e5 h6 9. Bh4 g5 10. Nxg5 $1 hxg5 11. Bxg5 {
This"version" of Botvinnk's system is very bad for Black.} Bg7 (11... Nbd7 12.
dxe6 Qc7 (12... fxe6 13. exf6 $16) 13. exf6 Qe5+ 14. Qe2 $18) (11... Be7 12. d6
$18) 12. dxe6 (12. Qf3 $5 $16) 12... Qxd1+ 13. Rxd1 Bxe6 14. exf6 Bh6 15. f4 $1
Bxg5 (15... Nc6 16. Ne4 $16) 16. fxg5 {White has an extra pawn in the endgame
without compensation. Black pieces are coordinated badly. The attempt to put
the Rh8 into the game via h4-d4 failed because the passed pawn h became very
strong.} Rh4 17. g3 $1 Rd4 18. Bg2 Ra7 19. Ne2 $1 $18 Rad7 (19... Rxd1+ 20.
Kxd1 Bg4 21. Kc1 Bxe2 22. Re1 $18) 20. Nxd4 cxd4 21. h4 $1 b4 22. h5 Kf8 23. g6
Kg8 24. g7 Rd6 25. h6 Bf5 26. h7+ $1 Bxh7 27. Be4 Re6 28. Rxh7 $1 Rxe4+ 29. Kf2
Kxh7 30. Rh1+ Kg8 31. Rh8# 1-0

[Event "Asia-ch 4th"]
[Site "Doha"]
[Date "2003.02.26"]
[Round "5"]
[White "Sharavdorj, Dashzeveg"]
[Black "Turpanov, Milan"]
[Result "1-0"]
[WhiteElo "2438"]
[BlackElo "2351"]
[Annotator "Huzman,A"]
[PlyCount "87"]
[EventDate "2003.02.22"]
[EventType "swiss"]
[EventRounds "9"]
[EventCountry "QAT"]
[SourceTitle "CBM 094"]
[Source "ChessBase"]
[SourceDate "2003.05.26"]
[SourceVersion "1"]
[SourceVersionDate "2003.05.26"]
[SourceQuality "1"]

1. d4 d5 2. Nf3 Nf6 3. c4 dxc4 4. Nc3 a6 5. e4 b5 6. e5 Nd5 7. a4 Nxc3 8. bxc3
Bb7 9. e6 f6 10. Be2 Bd5 (10... Qd5 $5) (10... g6 $5) 11. O-O c6 12. Nh4 Bxe6
13. Bg4 (13. axb5 cxb5 14. Bf3 Bd5 15. Nf5 g6 16. Ne3 Bxf3 17. Qxf3 Ra7 18. Re1
Bg7 19. Nd5 O-O 20. Ba3 Rf7 21. Bc5 Rd7 22. Nb6 Rc7 23. Qd5 Qe8 24. Re6 Bf8 25.
Rae1 $44 {1-0 Piket,J-Schlosser,P/Munich 1989/CBM 13 (40)}) 13... Bf7 $2 (13...
Bd5 14. Re1 g6 $13) 14. Re1 g6 $2 {[%mdl 8192]} (14... Ra7 15. Qf3 $36 Bd5 16.
Bh5+ Kd7 17. Qh3+ e6 18. Bg4 $40) 15. axb5 cxb5 16. Qf3 {[%cal Gf3a8,Gf3f6]}
Bd5 17. Qxf6 $16 Rg8 18. Ba3 Nc6 19. Nf3 Bg7 20. Qh4 h6 $2 {[%mdl 16384]} (
20... Rh8 $142 21. Bc5 (21. Re3 b4) 21... a5 22. Re3 $40 {[%csl Re8]}) 21. Be6
$1 $18 Bf6 (21... Bxe6 22. Rxe6 $18 {[%cal Ge6c6,Ge6g6,Ge6e7]}) 22. Qf4 (22.
Qxf6 exf6 23. Bxg8+ Kd7 24. Bxd5 $18) 22... Rf8 23. Qxh6 Bxe6 24. Rxe6 Qd5 25.
Qxg6+ Kd7 26. Re3 a5 27. Bc5 b4 28. Qc2 b3 29. Qe2 {[%csl Rc4]} Rg8 30. g3 a4
31. Ba3 Rg7 $2 (31... Kd8 $142 32. Nd2 Bg5 (32... Na5 33. Ne4 $18) 33. Nxc4
Bxe3 34. Nb6 Qa5 35. Nxa8 Qxc3 36. Bb2 Nxd4 37. Qxe3 Qxb2 38. Rd1 Rg4 39. Qe6 (
39. h3 Qc2 40. Rxd4+ Rxd4 41. Qxd4+ Ke8 42. Qxa4+ Kf8 $132 {[%cal Yb3b1]})
39... Rg5 40. h4 $18) 32. Nd2 $18 Na5 33. Ne4 $1 Nc6 (33... Nb7 34. Nxf6+ exf6
35. Re7+ Rxe7 36. Qxe7+ Kc8 37. Re1 $18) 34. Nc5+ $1 Kc8 35. Ne6 $1 Rh7 (35...
Rg8 36. Nf4 Qb5 37. d5 $18) 36. Nf4 Qd7 37. Qxc4 Kb7 38. Ne6 Ra5 39. Nc5+ Rxc5
40. Bxc5 b2 41. Qb5+ Kc8 42. Qxb2 Qh3 43. f4 Qh5 44. Qe2 1-0

[Event "Moscow Aeroflot op-A"]
[Site "Moscow"]
[Date "2005.02.17"]
[Round "3"]
[White "Eljanov, Pavel"]
[Black "Sorokin, Maxim"]
[Result "1-0"]
[WhiteElo "2643"]
[BlackElo "2578"]
[Annotator "Huzman,A"]
[PlyCount "29"]
[EventDate "2005.02.15"]
[EventType "swiss"]
[EventRounds "9"]
[EventCountry "RUS"]
[SourceTitle "CBM 106"]
[Source "ChessBase"]
[SourceDate "2005.06.06"]
[SourceVersion "1"]
[SourceVersionDate "2005.06.06"]
[SourceQuality "1"]

1. d4 Nf6 2. c4 e6 3. Nf3 d5 4. Nc3 dxc4 5. Bg5 a6 6. e4 (6. a4 Nc6 (6... c5 7.
Bxf6 $1 (7. e3 Nc6 8. Bxc4 cxd4 9. Nxd4 Nxd4 10. Qxd4 Qxd4 11. exd4 Be7 12. O-O
O-O $11 {1-0 Veselsky,J-Malac,M/Slovakia 2002/EXT 2004 (39)}) 7... Qxf6 (7...
gxf6 8. d5 exd5 9. Qxd5 Qb6 10. Qe4+ Be6 11. Nd5 Qa5+ 12. Nd2 Nd7 13. O-O-O Bh6
14. e3 O-O 15. Nxc4 Qd8 16. Nd6 $16 {1-0 Lerner,K-Sveshnikov,E/Tashkent 1980/
MCL (25)}) 8. d5 exd5 9. Nxd5 Qd8 10. e3 {[%csl Gd4]} Nc6 11. Bxc4 Bd6 12. O-O
O-O 13. h3 Re8 14. Qc2 Rb8 15. a5 $1 h6 16. Rfd1 Be6 17. Qc3 $16 {1-0
Khalifman,A-Ivanov,S/St Petersburg 1998/CBM 65/[Huzman] (32)}) (6... Bb4 7. e3
c5 8. Bxc4 cxd4 9. exd4 Nc6 (9... Bxc3+ 10. bxc3 Qa5 11. Bd2 Ne4 12. Bd3 Nxd2
13. Qxd2 O-O 14. O-O Nd7 15. Rfe1 Qc7 16. Re3 b6 17. Ng5 Nf6 18. Rg3 $36 {
1-0 Gausel,E-Hawelko,M/Slupsk 1987/EXT 97 (24)}) 10. O-O O-O 11. Rc1 Be7 12.
Re1 h6 13. Bf4 Bd7 14. Ne5 Rc8 15. Nxd7 Qxd7 16. d5 exd5 17. Nxd5 Nxd5 18. Bxd5
Bg5 19. Bxg5 hxg5 20. h4 $1 Rfd8 21. hxg5 Qf5 22. Rc5 $16 {1-0 Kasparov,
G-Nogueiras,J/Belfort 1988/CBM 08 (29)}) (6... Be7 7. e3 Nbd7 8. Bxc4 O-O 9.
O-O c5 10. Qc2 h6 11. Bh4 Nb6 12. Ba2 cxd4 13. Rad1 Qc7 14. Rxd4 $14 {1/2-1/2
Muendle,K-Nhar,C/Yerevan 1996/EXT 97 (33)}) (6... h6 7. Bxf6 Qxf6 8. e3 Nc6 9.
Bxc4 Bd6 10. O-O O-O 11. Ne4 Qe7 12. Nxd6 cxd6 13. d5 Nd8 14. dxe6 fxe6 15. Rc1
$14 {1/2-1/2 Conquest,S-Milov,V/Port Erin IOM 2004/(68)}) 7. e3 Na5 8. Ne5 c5
9. Bxc4 (9. Bxf6 gxf6 10. Nxc4 cxd4 11. exd4 Rg8 12. g3 Bb4 13. Ne3 f5 14. Bg2
f4 15. Nc2 Qb6 16. O-O Bd7 17. Nxb4 Qxb4 18. Qc2 Nb3 19. Rad1 Nxd4 20. Qe4 $16
{1-0 Schlosser,P-Ott,F/Bad Neuenahr 1989/CBM 15 (51)}) 9... Be7 10. O-O cxd4
11. exd4 Nxc4 12. Nxc4 a5 13. d5 exd5 14. Bxf6 Bxf6 15. Nxd5 Be6 16. Nxf6+ Qxf6
17. Nd6+ Kf8 18. Nxb7 Qe7 19. Qd6 Qxd6 20. Nxd6 Ke7 $44 {1/2-1/2 Eingorn,
V-Gelfand,B/Tallinn 1989/EXT 97 (28)}) (6. e3 b5 7. a4 b4 (7... c6 8. axb5 (8.
Bxf6 gxf6 9. axb5 cxb5 10. Nxb5 axb5 11. Rxa8 {1/2-1/2 Adorjan,A-Nogueiras,J/
Szirak 1986/MCL (11)}) 8... cxb5 9. Nxb5 axb5 (9... Qb6 10. Nc3 Qxb2 11. Qc1
Ba3 12. e4 Qxc1+ 13. Bxc1 Bb4 $17 {0-1 Vajda,A-Treybal,K/Semmering 1926/HCL 
(51)}) 10. Rxa8 Bb7 11. Bxf6 gxf6 12. Ra7 (12. Ra1 Bb4+ 13. Ke2 Nd7 14. Ne1 f5
15. f3 Rg8 16. g3 h5 17. Ng2 $16 {1-0 Campos Moreno,J-Korneev,O/Terrassa 1995/
EXT 98 (34)}) 12... Bb4+ 13. Ke2 Be4 14. Nd2 Bg6 15. Nxc4 Nc6 16. Ra6 Qc8 17.
Rb6 O-O 18. Rxb5 Qa6 19. Rxb4 Nxb4 20. Qb3 Rb8 $44 {1-0 Piket,J-Lobron,E/
Amsterdam 1994/CBM 43 (43)}) 8. Nb1 Bb7 9. Bxc4 Nbd7 10. Nbd2 Be7 11. Nb3 c5
12. dxc5 Nxc5 13. Qxd8+ Rxd8 14. Nxc5 Bxc5 15. Ke2 Rc8 16. Nd2 Nd7 17. Bd3 Be7
18. Bxe7 {1/2-1/2 Zvjaginsev,V-Makarov,M/Elista 1998/CBM 65 (18)}) 6... b5 (
6... Be7 7. Bxc4 b5 (7... O-O 8. O-O b6 (8... Nbd7 9. d5 Nb6 10. Bb3 exd5 11.
exd5 Nfxd5 12. Nxd5 Bxg5 13. Nxb6 cxb6 14. Qxd8 Bxd8 $15 {0-1 Hoffmann,
C-Lorenz,O/Bad Neustadt 1992/EXT 2004 (36)}) 9. Rc1 Bb7 10. Qc2 Nfd7 11. Bf4 c5
12. d5 $16 {1-0 Buerger,E-Bikulcius,J/Illinois 1965/EXT 99 (26)}) 8. Bb3 (8.
Bd3 Bb7 9. a3 (9. Qe2 c5 10. dxc5 Nfd7 11. Bxe7 Qxe7 12. b4 $16 {1-0 Singer,
R-Raffalt,M/Austria 2000/EXT 2002 (34)}) 9... Nbd7 10. b4 h6 11. Bf4 c6 12. O-O
$16 {0-1 Jaffe,C-Duras,O/New York 1913/HCL (46)}) 8... Bb7 9. Bc2 Nbd7 10. O-O
b4 11. e5 bxc3 12. exf6 Bxf6 13. Bxf6 Qxf6 14. bxc3 Bxf3 15. Qxf3 Qxf3 16. gxf3
c5 $15 {0-1 Trimp,M-Visschedijk,M/Leiden 1999/EXT 2000 (36)}) (6... h6 7. Bxf6
Qxf6 (7... gxf6 8. Bxc4 b5 9. Bd3 c5 10. d5 Rg8 11. O-O Nd7 12. dxe6 fxe6 13.
a4 b4 14. Ne2 Qc7 15. Qb3 Ne5 16. Nxe5 Qxe5 17. f4 Qh5 18. Bc4 $16 {0-1
Kostelny,J-Bakalar,J/Martin 1996/EXT 98 (51)}) 8. Bxc4 b5 9. Bd3 Bb7 10. O-O
Nd7 11. Rc1 Qd8 12. Qe2 Be7 13. Rfd1 O-O 14. e5 $36 {1-0 Hebden,M-Boudre,J/
Montpellier 2003/CBM 95 ext (43)}) 7. e5 (7. a4 b4 8. Nb1 Bb7 9. e5 h6 10. Be3
(10. Bh4 g5 11. Bg3 Ne4 12. Bxc4 g4 13. Bh4 Ng5 14. Nxg5 hxg5 15. Bg3 Bxg2 16.
Rg1 Bf3 $19 {0-1 Schenk,A-Landa,K/Fuerth 2002/CBM 90 ext (19)}) 10... Nd5 11.
Bxc4 c5 12. O-O Nd7 13. a5 Be7 14. Nbd2 O-O $11 {0-1 Loeffler,S-Lerner,K/
Berlin 1993/TD (37)}) 7... h6 8. Bh4 g5 9. Nxg5 hxg5 10. Bxg5 Be7 (10... Nbd7
11. exf6 (11. Be2 c5 12. Bf3 Ra7 13. exf6 Qb6 14. d5 Ne5 15. dxe6 Nd3+ 16. Kf1
Bxe6 $13 {1/2-1/2 Razuvaev,Y-Sveshnikov,E/Minsk 1979/URS-ch (42)}) 11... c5 12.
d5 Ne5 13. f4 Nd3+ 14. Bxd3 cxd3 15. Qxd3 b4 16. O-O-O $3 bxc3 17. Qxc3 $18 {
1-0 Vaganian,R-Dobosz,H/Yerevan 1980/MCD (40)}) 11. Bxf6 $1 (11. exf6 Bxf6 12.
Qf3 Bxg5 13. Qxa8 Qxd4 14. Rd1 Qb6 15. Qf3 Bb7 $44) 11... Bxf6 12. Qf3 Qxd4 $2
{Black tries to seize initiative by an exchange sacrifice. But this move is a
mistake because instead of taking the Ra8 White takes the Bf6 and gets an
attack.} (12... Ra7 $1 13. Qxf6 (13. exf6 Qxd4 14. Rd1 Qe5+ 15. Be2 Bb7 $36)
13... Qxf6 14. exf6 Nd7 15. b4 $5 (15. b3 b4 16. Ne4 Bb7 17. Nc5 Nxc5 18. dxc5
Rh5 $13) (15. a4 b4 16. Ne4 Bb7 17. Nc5 Nxc5 18. dxc5 Rh5 19. f3 Rxc5 20. h4
$16) 15... Nxf6 16. a4 Rb7 17. axb5 axb5 18. g3 c6 (18... Nd5 19. Nxd5 exd5 20.
h4 c6 21. Kd2 $14) 19. Bg2 Nd5 20. Bxd5 exd5 21. h4 $14) 13. Qxf6 Rh5 $4 {
[%mdl 8192]} (13... Qh4 $8 14. Qf3 Ra7 15. Qe3 Rb7 16. g3 $16) 14. Be2 $18 Rxe5
15. Qh8+ (15. Qh8+ Ke7 16. Qxc8 $18) 1-0